| 000 | 00872nam a22002417a 4500 | ||
|---|---|---|---|
| 005 | 20170124110243.0 | ||
| 010 | _aB-097651 | ||
| 020 |
_c60.00 _a8182230624 |
||
| 035 | _aB-097651 | ||
| 037 | _bCen Lib/Ret | ||
| 040 |
_aDPL _bEN |
||
| 082 |
_a483.4 _bELE |
||
| 245 |
_aElementary school 21st century dictionary : _ccompiled by M. Raza-Ul-Haq, Khawaja Ejaz Easool [and] M. Saqlain Bhatti _benglish into english Urdu / |
||
| 260 |
_aDelhi _bEducational Publishing House _c2004 |
||
| 270 |
_bDelhi _a3108, Vakil Street, Kucha Pandit, Lal Kaun _e110006 |
||
| 300 |
_a509p. _c17m(pbk) |
||
| 650 |
_aEnglish to English -- dictionaries _995935 |
||
| 650 |
_aEnglish to Urdu --dictionaries _995936 |
||
| 700 |
_aM. Raza-Ul-Haq _995937 |
||
| 700 |
_aKhawaja Ejaz Easool _995938 |
||
| 700 |
_aBhatti, M. Saqlain _995939 |
||
| 942 |
_2ddc _cEN _h483.4 _mELE |
||
| 999 |
_c135291 _d135291 |
||